00425nam a2200133Ia 4500008004100000082002100041100003400062245010700096250000700203260002200210300001400232500001400246650003100260120629s9999 xx 000 0 und d a343.097252 G969c aGuiza Alday, Francisco Javier aCódigo penal y de procedimientos penales para el estado de Guanajuato / Francisco Javier Guiza Alday a10 aMéxico : Yussim aIrregular aÍndices a1. DERECHO PENAL-MEXICOÌ